Dynamical Systems : DSTA 2015. 13th International Conference. Łódź, Poland, December 7-10, 2015 Control and Stability

Na minha lista:
Detalhes bibliográficos
Autor Corporativo: International Conference Łódź, Poland (Dynamical Systems. Theory and Applications. DSTA 2015)
Formato: Conference Proceeding Livro
Idioma:inglês
Publicado em: Łódź Wydawnictwa Uczelniane Politechniki Łódzkiej 2015
Edição:1st Ed.
Tags: Adicionar Tag
Sem tags, seja o primeiro a adicionar uma tag!

MARC

LEADER 00000nam a22000003a 4500
001 0010465
003 SK-STU
005 20151217140111.5
007 ta
008 151217s ----xo-----e------100-0-----d
020 |a 978-83-7283-708-0 
040 |a STU  |b slo 
041 0 |a eng 
044 |a pl 
111 2 |a International Conference  |n 13th  |d 7.-10.12.2015  |c Łódź, Poland  |e Dynamical Systems. Theory and Applications. DSTA 2015 
245 1 0 |a Dynamical Systems :  |b DSTA 2015. 13th International Conference. Łódź, Poland, December 7-10, 2015  |p Control and Stability 
250 |a 1st Ed. 
260 |a Łódź  |b Wydawnictwa Uczelniane Politechniki Łódzkiej  |c 2015 
300 |a 628 p. 
996 |b 284M086622  |c M* Z-4335  |d Control and Stability  |l MMKN  |s A  |a 24  |w 0010465_0001